MARC

LEADER 00000nam0a2200000 4500
001 293775
005 20231101001628.0
035 |a (RuTPU)RU\TPU\book\318817 
090 |a 293775 
100 |a 20150506d1983 k y0rusy50 ca 
101 0 |a rus 
102 |a UA 
105 |a a z 001zy 
200 1 |a Пластическая деформация и дислокации несоответстия в гетероэпитаксиальных системах  |f Ю. А. Тхорик, Л. С. Хазан  |g Академия наук Украинской ССР (АН УССР), Институт полупроводников (ИП) 
210 |a Киев  |c Наукова думка  |d 1983 
215 |a 304 с.  |c ил. 
320 |a Библиогр.: с. 270-292 
320 |a Предметный указатель: с. 296-302 
606 1 |a Полупроводники  |x Теплопроводность  |2 stltpush  |3 (RuTPU)RU\TPU\subj\50602 
610 1 |a пластическая деформация 
610 1 |a гетероэпитаксильные системы 
610 1 |a дислокации 
610 1 |a внутреннее напряжение 
610 1 |a упругие напряжения 
610 1 |a релаксация 
675 |a 537.311.322:536  |v 4 
700 1 |a Тхорик  |b Ю. А.  |g Юрий Александрович 
701 1 |a Хазан  |b Л. С.  |g Леонид Семенович 
712 0 2 |a Академия наук Украинской ССР (АН УССР)  |b Институт полупроводников (ИП)  |c (Киев)  |2 stltpush  |3 (RuTPU)RU\TPU\col\12057 
801 1 |a RU  |b 63413507  |c 20150506 
801 2 |a RU  |b 63413507  |c 20161215  |g RCR 
942 |c BK